[Event "FRA-chT Top 12"]
[Site "Mulhouse"]
[Date "2011.05.28"]
[Round "3.7"]
[White "San Emeterio Cabanes, Jose Luis"]
[Black "Collas, Didier"]
[Result "1/2-1/2"]
[WhiteElo "2398"]
[BlackElo "2381"]
[PlyCount "56"]
[EventDate "2011.05.26"]
[EventType "team-tourn"]
[EventRounds "11"]
[EventCountry "FRA"]
[SourceTitle "CBM 142 Extra"]
[Source "ChessBase"]
[SourceDate "2011.06.27"]
[SourceVersion "1"]
[SourceVersionDate "2011.06.27"]
[SourceQuality "1"]
[WhiteTeam "Lutece"]
[BlackTeam "Marseille Echecs"]
[WhiteTeamCountry "FRA"]
[BlackTeamCountry "FRA"]

1. d4 Nf6 2. Nf3 d5 3. c4 e6 4. Nc3 Be7 5. Bg5 h6 6. Bh4 0-0 7. e3 Ne4 8. Bxe7 Qxe7 9. Rc1 Nxc3 10. Rxc3 c6 11. Bd3 dxc4 12. Bxc4 Nd7 13. 0-0 e5 14. e4 exd4 15. Qxd4 Nb6 16. Bb3 Be6 17. e5 Rfd8 18. Qe4 Bd5 19. Qf5 Bxb3 20. Rxb3 Rd5 21. Re1 Na4 22. g4 Nc5 23. Rbe3 Qe6 24. Qxe6 fxe6 25. Nh4 Nd3 26. Rd1 Rad8 27. Ng6 Kf7 28. Nh8+ Kg8 1/2-1/2

[Event "FRA-chT Top 16 Gp Basse"]
[Site "Le Port Marly"]
[Date "2009.05.31"]
[Round "11"]
[White "San Emeterio Cabanes, Jose Luis"]
[Black "Mchedlishvili, Mikheil"]
[Result "1/2-1/2"]
[WhiteElo "2392"]
[BlackElo "2586"]
[PlyCount "123"]
[EventDate "2009.05.28"]
[EventType "team-tourn"]
[EventRounds "11"]
[EventCountry "FRA"]
[SourceTitle "CBM 130 Extra"]
[Source "ChessBase"]
[SourceDate "2009.07.02"]
[SourceVersion "2"]
[SourceVersionDate "2009.07.15"]
[SourceQuality "1"]

1. d4 d6 2. e4 Nf6 3. Nc3 e5 4. Nf3 Nbd7 5. Bc4 Be7 6. 0-0 0-0 7. h3 c6 8. a4 b6 9. Qe2 a6 10. Rd1 Qc7 11. dxe5 dxe5 12. Nh4 Nc5 13. Be3 g6 14. Bh6 Re8 15. Nf3 Ne6 16. Ng5 Nxg5 17. Bxg5 Nh5 18. Be3 Nf4 19. Qf3 Be6 20. Bxe6 Nxe6 21. a5 b5 22. Bb6 Qb7 23. Qg3 Bf6 24. Rd6 Bg7 25. Ne2 Bf8 26. Rd2 Nc5 27. Bxc5 Bxc5 28. Rad1 Qe7 29. Rd7 Qf6 30. Qf3 Qxf3 31. gxf3 Bb4 32. Rc7 Rac8 33. Rdd7 Bxa5 34. Rxc8 Rxc8 35. Ra7 Bd2 36. Rxa6 Kf8 37. Kf1 Ke7 38. Ng3 Rc7 39. Ke2 Bc1 40. b3 Kd6 41. c3 Ke7 42. Nf1 Kf6 43. Ne3 Bxe3 44. Kxe3 Kg5 45. Ra8 Kh4 46. Re8 Kxh3 47. Rxe5 h5 48. Rg5 h4 49. f4 Kh2 50. f5 gxf5 51. Rxf5 h3 52. Rg5 Ra7 53. b4 Ra3 54. Kd4 Ra2 55. Kc5 Rxf2 56. Kxc6 Rf3 57. Kxb5 Rxc3 58. Rg7 f6 59. Rg6 Rg3 60. Rxf6 Kg2 61. Rh6 h2 62. Rxh2+ 1/2-1/2

[Event "FRA-chT Top 16 GpA"]
[Site "France"]
[Date "2009.05.03"]
[Round "7"]
[White "Wirig, Anthony"]
[Black "San Emeterio Cabanes, Jose Luis"]
[Result "1-0"]
[WhiteElo "2472"]
[BlackElo "2392"]
[PlyCount "33"]
[EventDate "2009.03.20"]
[EventType "team"]
[EventRounds "7"]
[EventCountry "FRA"]
[SourceTitle "CBM 129 Extra"]
[Source "ChessBase"]
[SourceDate "2009.05.05"]
[SourceVersion "2"]
[SourceVersionDate "2009.05.20"]
[SourceQuality "1"]

1. c4 Nf6 2. g3 g6 3. Bg2 Bg7 4. Nf3 d6 5. Nc3 0-0 6. 0-0 Nc6 7. d3 b6 8. Rb1 a5 9. a3 e5 10. b4 axb4 11. axb4 Be6 12. Nd2 d5 13. b5 Ne7 14. Qb3 e4 15. dxe4 dxe4 16. Qc2 Nd7 17. Ncxe4 1-0

[Event "FRA-chT1B 0708"]
[Site "France"]
[Date "2008.03.16"]
[Round "9.2"]
[White "Colovic, Aleksandar"]
[Black "San Emeterio Cabanes, Jose Luis"]
[Result "1/2-1/2"]
[WhiteElo "2477"]
[BlackElo "2383"]
[PlyCount "57"]
[EventDate "2007.10.21"]
[EventType "team"]
[EventRounds "11"]
[EventCountry "FRA"]
[SourceTitle "EXT 2009"]
[Source "ChessBase"]
[SourceDate "2008.11.26"]
[SourceVersion "1"]
[SourceVersionDate "2008.11.26"]
[SourceQuality "1"]
[WhiteTeam "Grasse"]
[BlackTeam "Lutece"]
[WhiteTeamCountry "FRA"]
[BlackTeamCountry "FRA"]

1. d4 Nf6 2. Nf3 g6 3. Bg5 Bg7 4. c3 d6 5. Nbd2 Nbd7 6. e4 e5 7. dxe5 dxe5 8. Bc4 Qe7 9. 0-0 0-0 10. b4 h6 11. Bh4 Rd8 12. Qc2 Nf8 13. Rfe1 N8h7 14. Bb3 Bg4 15. h3 Bxf3 16. Nxf3 Rd7 17. Rad1 Rad8 18. Rxd7 Rxd7 19. Nd2 Ng5 20. Nc4 Nh5 21. Re3 Nf4 22. Bg3 h5 23. f3 Nge6 24. Nb2 Qg5 25. Bxe6 Nxe6 26. Qf2 Qh6 27. Rd3 Rxd3 28. Nxd3 f6 29. Kh2 1/2-1/2

[Event "FRA-chT1B 0708"]
[Site "France"]
[Date "2007.12.15"]
[Round "4.3"]
[White "San Emeterio Cabanes, Jose Luis"]
[Black "Mohebbi, Jaffar"]
[Result "1/2-1/2"]
[WhiteElo "2383"]
[BlackElo "2266"]
[PlyCount "97"]
[EventDate "2007.10.21"]
[EventType "team"]
[EventRounds "11"]
[EventCountry "FRA"]
[SourceTitle "EXT 2009"]
[Source "ChessBase"]
[SourceDate "2008.11.26"]
[SourceVersion "1"]
[SourceVersionDate "2008.11.26"]
[SourceQuality "1"]
[WhiteTeam "Lutece"]
[BlackTeam "Gambsheim"]
[WhiteTeamCountry "FRA"]
[BlackTeamCountry "FRA"]

1. d4 Nf6 2. Bg5 Ne4 3. Bf4 c5 4. f3 Qa5+ 5. c3 Nf6 6. Nd2 cxd4 7. Nb3 Qb6 8. Qxd4 Qxd4 9. cxd4 d5 10. Rc1 Nc6 11. e3 e6 12. a3 Be7 13. Bb5 0-0 14. Rxc6 bxc6 15. Bxc6 Ba6 16. Bxa8 Rxa8 17. Nh3 Nh5 18. Na5 Bd8 19. b4 Nxf4 20. Nxf4 Bxa5 21. bxa5 Rb8 22. Kd2 g5 23. Nh5 Rb3 24. Rc1 Rd3+ 25. Ke2 Rxa3+ 26. Kf2 Ra2+ 27. Kg3 Bc4 28. Rb1 h6 29. h4 Kh7 30. hxg5 hxg5 31. Nf6+ Kg6 32. Nd7 f6 33. Rb7 Bf1 34. Rxa7 Rxg2+ 35. Kh3 Kf5 36. Nc5 Ra2+ 37. Kg3 Rg2+ 38. Kh3 e5 39. Ra6 exd4 40. exd4 Ra2+ 41. Kg3 Rg2+ 42. Kh3 Kg6 43. Ra7 f5 44. a6 Ra2+ 45. Kg3 f4+ 46. Kg4 Rg2+ 47. Kh3 Kh5 48. Rh7+ Kg6 49. Rd7 1/2-1/2

[Event "FRA-chT1B 0607"]
[Site "France"]
[Date "2006.11.06"]
[Round "3.2"]
[White "Okhotnik, Vladimir"]
[Black "San Emeterio Cabanes, Jose Luis"]
[Result "1/2-1/2"]
[WhiteElo "2477"]
[BlackElo "2394"]
[PlyCount "112"]
[EventDate "2006.10.15"]
[EventType "team"]
[EventRounds "11"]
[EventCountry "FRA"]
[SourceTitle "EXT 2008"]
[Source "ChessBase"]
[SourceDate "2007.11.25"]
[SourceVersion "1"]
[SourceVersionDate "2007.11.25"]
[SourceQuality "1"]
[WhiteTeam "Epinal"]
[BlackTeam "Lutece"]
[WhiteTeamCountry "FRA"]
[BlackTeamCountry "FRA"]

1. e4 c5 2. c3 Nf6 3. e5 Nd5 4. Nf3 Nc6 5. Bc4 Nb6 6. Bb3 d5 7. exd6 Qxd6 8. Na3 Be6 9. d4 c4 10. Bc2 g6 11. 0-0 Bg7 12. Re1 0-0 13. Nd2 Bd5 14. Ne4 Qc7 15. f4 Rad8 16. Qe2 f6 17. Ng3 e6 18. h4 Ne7 19. h5 Nf5 20. Ne4 Nh4 21. hxg6 hxg6 22. g3 Nf5 23. Qf2 e5 24. dxe5 fxe5 25. Ng5 Bf6 26. Nf3 exf4 27. Bxf4 Qc6 28. Ne5 Bxe5 29. Rxe5 Rd7 30. Rae1 Rh7 31. Rxd5 Nxd5 32. Be4 Nxf4 33. gxf4 Qc7 34. Bd5+ Kh8 35. Nxc4 Ne7 36. Qd4+ Rg7 37. Ne5 Qb6 38. Qxb6 axb6 39. Bxb7 Rxf4 40. Kg2 g5 41. Rd1 Nf5 42. Rd8+ Kh7 43. Ba6 g4 44. Bd3 Kh6 45. Rb8 Re7 46. Rxb6+ Kg5 47. Rb5 Nh4+ 48. Kg3 Nf5+ 49. Kg2 Nh4+ 50. Kg3 Nf5+ 51. Kg2 Kf6 52. Bxf5 Rxe5 53. Rxe5 Kxe5 54. Bd7 Re4 55. Kg3 Re2 56. a4 Rxb2 1/2-1/2

[Event "La Roda op 32nd"]
[Site "La Roda"]
[Date "2005.03.26"]
[Round "6"]
[White "Valmana Canto, Jaime"]
[Black "San Emeterio Cabanes, Jose Luis"]
[Result "1/2-1/2"]
[WhiteElo "2189"]
[BlackElo "2401"]
[PlyCount "61"]
[EventDate "2005.03.23"]
[EventType "swiss"]
[EventRounds "9"]
[EventCountry "ESP"]
[SourceTitle "CBM 105 Extra"]
[Source "ChessBase"]
[SourceDate "2005.05.01"]
[SourceVersion "1"]
[SourceVersionDate "2005.05.01"]
[SourceQuality "1"]

1. e4 c5 2. Nf3 Nc6 3. d4 cxd4 4. Nxd4 Nf6 5. Nc3 e5 6. Ndb5 d6 7. Bg5 a6 8. Na3 b5 9. Bxf6 gxf6 10. Nd5 Bg7 11. g3 Ne7 12. Bg2 Nxd5 13. Qxd5 Be6 14. Qc6+ Ke7 15. Qb7+ Qd7 16. Qxd7+ Kxd7 17. c3 Rab8 18. Nc2 f5 19. exf5 Bxf5 20. Ne3 Be6 21. 0-0 Rhc8 22. Be4 b4 23. c4 Bxc4 24. Nxc4 Rxc4 25. Bxh7 e4 26. b3 Rc5 27. Rad1 f5 28. g4 fxg4 29. Bxe4 Rh8 30. f3 Rg5 31. Rd5 1/2-1/2

[Event "La Roda op 32nd"]
[Site "La Roda"]
[Date "2005.03.25"]
[Round "4"]
[White "Gil Alba, Hector Luis"]
[Black "San Emeterio Cabanes, Jose Luis"]
[Result "0-1"]
[WhiteElo "2295"]
[BlackElo "2401"]
[PlyCount "130"]
[EventDate "2005.03.23"]
[EventType "swiss"]
[EventRounds "9"]
[EventCountry "ESP"]
[SourceTitle "CBM 105 Extra"]
[Source "ChessBase"]
[SourceDate "2005.05.01"]
[SourceVersion "1"]
[SourceVersionDate "2005.05.01"]
[SourceQuality "1"]

1. e4 c5 2. Nf3 Nc6 3. Bb5 g6 4. Bxc6 dxc6 5. d3 Bg7 6. Nc3 e5 7. Be3 Qe7 8. h3 Nf6 9. 0-0 Nd7 10. a3 0-0 11. Qd2 Rd8 12. Nh2 Nf8 13. f4 exf4 14. Bxf4 c4 15. Kh1 cxd3 16. cxd3 Be6 17. Rf3 Nd7 18. Qe2 Ne5 19. Re3 Rd7 20. Nf3 Nxf3 21. Rxf3 Qh4 22. Qd2 h6 23. Bg3 Qh5 24. Ne2 g5 25. Bf2 Qg6 26. Ng3 g4 27. hxg4 Bxg4 28. Rf4 Be5 29. Rxg4 Qxg4 30. Nf5 Qh5+ 31. Bh4 Bg3 32. Qc3 f6 33. Qxf6 Bxh4 34. Nxh4 Rf7 35. Qg6+ Qxg6 36. Nxg6 Rd8 37. Kg1 Rf6 38. Ne5 Re6 39. Nf3 Rxd3 40. Re1 c5 41. e5 Rb3 42. Re2 Kf7 43. Rc2 Rc6 44. Nd2 Rd3 45. Kf2 Ke6 46. Ke2 Rd4 47. Nf3 Rg4 48. Kf2 a5 49. Rc3 a4 50. Rc2 b5 51. Rc1 Rc4 52. Rh1 Rc2+ 53. Ke3 Rxb2 54. Rxh6+ Kd5 55. Rh7 Rxg2 56. Rd7+ Kc4 57. Nd2+ Rxd2 58. Rxd2 b4 59. axb4 cxb4 60. Rd6 Rc7 61. e6 a3 62. Rd7 Rc8 63. e7 Re8 64. Kd2 a2 65. Ra7 Kb3 0-1

[Event "La Roda op 32nd"]
[Site "La Roda"]
[Date "2005.03.24"]
[Round "3"]
[White "San Emeterio Cabanes, Jose Luis"]
[Black "Arance Gonzalez, Luis"]
[Result "1-0"]
[WhiteElo "2401"]
[BlackElo "2082"]
[PlyCount "55"]
[EventDate "2005.03.23"]
[EventType "swiss"]
[EventRounds "9"]
[EventCountry "ESP"]
[SourceTitle "CBM 105 Extra"]
[Source "ChessBase"]
[SourceDate "2005.05.01"]
[SourceVersion "1"]
[SourceVersionDate "2005.05.01"]
[SourceQuality "1"]

1. b3 e5 2. Bb2 Nc6 3. e3 f5 4. d4 exd4 5. exd4 Nf6 6. Nf3 d6 7. d5 Qe7+ 8. Be2 Ne5 9. 0-0 g6 10. Re1 Bg7 11. Nxe5 dxe5 12. Bxe5 0-0 13. d6 Qd7 14. Bc4+ Kh8 15. dxc7 Qxd1 16. Rxd1 Ne8 17. Re1 Bxe5 18. Rxe5 Nxc7 19. Nc3 f4 20. Re7 Ne8 21. Ne4 h6 22. Rd1 Bf5 23. f3 Rb8 24. g4 fxg3 25. hxg3 Nf6 26. Nxf6 Rxf6 27. g4 Bxc2 28. Rd2 1-0

[Event "Galapagar op 05th"]
[Site "Galapagar"]
[Date "2004.08.01"]
[Round "9"]
[White "Rodriguez Gonzalez, Ignacio Carlos"]
[Black "San Emeterio Cabanes, Jose Luis"]
[Result "0-1"]
[WhiteElo "2209"]
[BlackElo "2395"]
[PlyCount "60"]
[EventDate "2004.07.24"]
[EventType "swiss"]
[EventRounds "9"]
[EventCountry "ESP"]
[SourceTitle "CBM 101 Extra"]
[Source "ChessBase"]
[SourceDate "2004.09.01"]
[SourceVersion "2"]
[SourceVersionDate "2004.09.01"]
[SourceQuality "1"]

1. e4 c5 2. Nf3 Nc6 3. d4 cxd4 4. Nxd4 Nf6 5. Nc3 e5 6. Ndb5 d6 7. Bg5 a6 8. Na3 b5 9. Bxf6 gxf6 10. Nd5 Bg7 11. c3 f5 12. Bd3 Ne7 13. Nxe7 Qxe7 14. Nc2 0-0 15. Ne3 f4 16. Nd5 Qg5 17. g3 Be6 18. h4 Qd8 19. Qh5 f5 20. 0-0 Bxd5 21. exd5 e4 22. Bc2 Rf6 23. a4 bxa4 24. Kg2 f3+ 25. Kh3 Qe7 26. Rxa4 Raf8 27. Qg5 Kh8 28. Qe3 Bh6 29. Qd4 Qg7 30. Rxa6 Qg4+ 0-1

[Event "Galapagar op 05th"]
[Site "Galapagar"]
[Date "2004.07.29"]
[Round "6"]
[White "San Emeterio Cabanes, Jose Luis"]
[Black "Madina Yadarola, Martin"]
[Result "0-1"]
[WhiteElo "2395"]
[BlackElo "2240"]
[PlyCount "62"]
[EventDate "2004.07.24"]
[EventType "swiss"]
[EventRounds "9"]
[EventCountry "ESP"]
[SourceTitle "CBM 101 Extra"]
[Source "ChessBase"]
[SourceDate "2004.09.01"]
[SourceVersion "2"]
[SourceVersionDate "2004.09.01"]
[SourceQuality "1"]

1. b3 d5 2. Bb2 Bg4 3. g3 c6 4. Bg2 Nd7 5. Nf3 e6 6. d3 Ngf6 7. Nbd2 a5 8. 0-0 a4 9. h3 Bh5 10. c4 Qa5 11. Qc2 Bb4 12. g4 Bg6 13. a3 Bxd2 14. Nxd2 axb3 15. Nxb3 Qa4 16. Qc3 e5 17. cxd5 Nxd5 18. Bxd5 cxd5 19. Nc5 Qc6 20. Rfc1 f6 21. Qb4 Rb8 22. Na4 Qe6 23. Rc7 h5 24. Rac1 hxg4 25. hxg4 e4 26. f3 exf3 27. Qf4 fxe2 28. Kf2 Ne5 29. Nc5 Nxg4+ 30. Kg2 e1Q 31. Rxe1 Qxe1 0-1

[Event "San Sebastian de los Reyes 3rd"]
[Site "San Sebastian"]
[Date "2004.04.07"]
[Round "6.1"]
[White "Braga, Fernando Alberto"]
[Black "San Emeterio Cabanes, Jose Luis"]
[Result "0-1"]
[WhiteElo "2443"]
[BlackElo "2360"]
[PlyCount "68"]
[EventDate "2004.04.03"]
[EventType "tourn"]
[EventRounds "9"]
[EventCountry "ESP"]
[EventCategory "5"]
[SourceTitle "CBM 099 Extra"]
[Source "ChessBase"]
[SourceDate "2004.05.04"]
[SourceVersion "1"]
[SourceVersionDate "2004.05.04"]
[SourceQuality "1"]

1. d4 Nf6 2. Nf3 g6 3. g3 Bg7 4. Bg2 0-0 5. 0-0 d6 6. b3 c5 7. Bb2 cxd4 8. Nxd4 Nbd7 9. c4 Qa5 10. Nc3 a6 11. a3 Rb8 12. Rc1 Qh5 13. e4 Nc5 14. b4 Ne6 15. Nb3 Bd7 16. Nd5 Nxd5 17. Qxh5 gxh5 18. Bxg7 Ndf4 19. Bxf8 Ne2+ 20. Kh1 Nxc1 21. Rxc1 Kxf8 22. c5 Ba4 23. Na5 dxc5 24. bxc5 Nxc5 25. Rxc5 b6 26. Rxh5 bxa5 27. Bf1 Bd1 28. Rf5 e6 29. Rf6 Kg7 30. e5 Rb3 31. Kg2 Rxa3 32. Bxa6 Rc3 33. Rf4 a4 34. Rd4 Bb3 0-1

[Event "San Sebastian de los Reyes 3rd"]
[Site "San Sebastian"]
[Date "2004.04.05"]
[Round "4.2"]
[White "San Emeterio Cabanes, Jose Luis"]
[Black "Almagro Llamas, Pablo"]
[Result "1-0"]
[WhiteElo "2360"]
[BlackElo "2389"]
[PlyCount "61"]
[EventDate "2004.04.03"]
[EventType "tourn"]
[EventRounds "9"]
[EventCountry "ESP"]
[EventCategory "5"]
[SourceTitle "CBM 099 Extra"]
[Source "ChessBase"]
[SourceDate "2004.05.04"]
[SourceVersion "1"]
[SourceVersionDate "2004.05.04"]
[SourceQuality "1"]

1. b3 d5 2. Bb2 Bg4 3. g3 e6 4. Bg2 Nf6 5. Nf3 Nbd7 6. h3 Bh5 7. d3 Bd6 8. Nbd2 Qe7 9. a3 a5 10. e4 dxe4 11. dxe4 Be5 12. Bxe5 Nxe5 13. g4 Nxf3+ 14. Qxf3 Bg6 15. e5 Nd5 16. c4 Nb6 17. Qxb7 0-0 18. 0-0 Qc5 19. Rfe1 Rad8 20. Nf1 Bc2 21. b4 axb4 22. axb4 Qxb4 23. Rec1 Bd3 24. c5 Rb8 25. Qxc7 Nc4 26. c6 Rfc8 27. Qa7 Bxf1 28. Rxf1 Nxe5 29. c7 Rb5 30. Qa6 Rxc7 31. Qxb5 1-0

[Event "ESP-ch op 68th"]
[Site "Burgos"]
[Date "2003.10.24"]
[Round "1"]
[White "Esnaola Sansebastian, Ion"]
[Black "San Emeterio Cabanes, Jose Luis"]
[Result "1/2-1/2"]
[WhiteElo "1971"]
[BlackElo "2342"]
[PlyCount "87"]
[EventDate "2003.10.24"]
[EventType "swiss"]
[EventRounds "9"]
[EventCountry "ESP"]
[SourceTitle "EXT 2004"]
[Source "ChessBase"]
[SourceDate "2003.11.25"]
[SourceVersion "1"]
[SourceVersionDate "2003.11.25"]
[SourceQuality "1"]

1. e4 c5 2. Nf3 Nc6 3. d4 cxd4 4. Nxd4 e6 5. Nc3 a6 6. Be2 Qc7 7. 0-0 Nf6 8. Kh1 Bb4 9. Bg5 Bxc3 10. Bxf6 Nxd4 11. Bxd4 Bxd4 12. Qxd4 0-0 13. Qc4 Qxc4 14. Bxc4 d6 15. a4 Rd8 16. Rfd1 Kf8 17. e5 d5 18. Be2 Bd7 19. Rd4 Rac8 20. Bd3 f6 21. f4 Ke7 22. Kg1 Rf8 23. Rf1 h6 24. Rf3 g5 25. exf6+ Rxf6 26. fxg5 Rxf3 27. gxf3 hxg5 28. b3 Bc6 29. c4 Kf6 30. cxd5 Bxd5 31. Be4 Ke5 32. Rb4 Rc7 33. Kf2 Kd6 34. Bxd5 exd5 35. Rg4 Rc3 36. Rxg5 Rxb3 37. Rg7 Rb4 38. Rg4 Rxg4 39. fxg4 b5 40. axb5 axb5 41. g5 b4 42. Ke3 b3 43. Kd3 d4 44. h4 1/2-1/2